000 00585nam a22001817a 4500
005 20251108172936.0
008 250721s2004 xx 000 0 ara d
020 _a9957010182
082 1 4 _a324.2/دلي
100 1 _aالدليمي، عبد الرزاق محمد
_eمؤلف
245 1 0 _a\الإعلام السري و العلني للأحزاب السياسية /
264 1 _aعمان :
_bمكتبة الرائد العلمية،
_c2004.
300 _a182 ص.
650 1 7 _aالأحزاب السياسية
650 1 7 _aالإعلام
942 _2ddc
_cBK
999 _c92405
_d92405